| 000 | 00338nam a22001097a 4500 | ||
|---|---|---|---|
| 999 |
_c1892 _d1892 |
||
| 005 | 20200904153318.0 | ||
| 008 | 200904b ||||| |||| 00| 0 eng d | ||
| 040 | _cCML | ||
| 245 |
_aLight: Introduction Science. _cJackson, S. |
||
| 260 |
_aGreat Britain _bBlackie and Son Ltd _c1980 |
||
| 942 |
_2ddc _cBK _e1st Edition _h535 _mJAC |
||